| 000 | 00738nam a2200229 i 4500 | ||
|---|---|---|---|
| 003 | DO-SdBNP | ||
| 005 | 20230808120056.0 | ||
| 006 | a||||ar|||| 00| 0 | ||
| 007 | ta | ||
| 008 | 230808e200? dr a|||| |||| 00| 0 spa d | ||
| 020 | _a9945400673 | ||
| 040 |
_aDO-SdBNP _bspa _cBNPHU _erda |
||
| 082 | 4 |
_222 _bR175q |
|
| 245 |
_aQué rápido aprendo a leer. / _cJacobo Ramos Prieto, Ernestina Grullón; ilustraciones, Ramón L. Sandoval |
||
| 264 | 1 |
_aSanto Domingo: _bActualidad 2000, _c[200?] |
|
| 300 |
_a96 páginas : _bIlustraciones, _c27 cm. |
||
| 336 |
_2rdacontent _atexto _btxt |
||
| 337 |
_2rdamedia _asin mediación _bn |
||
| 338 |
_2rdacarrier _avolumen _bnc |
||
| 700 | 1 |
_aSandoval, Ramón L., _929585 _eilustrador |
|
| 942 |
_2ddc _cLBS1 |
||
| 999 |
_c54350 _d54350 |
||